00410nam a2200169Ia 4500003000400000005001700004008004100021020001500062040000700077041000800084082002200092100002200114245004200136260003400178300001500212365001300227OSt20230324122910.0210423s2006 xx 000 0 und d a8120329848 cAL aeng a658.15 223bBOSD aBOSE (D Chandra). aFundamentals of financial management. aNew DelhibOxford & IBHc2006 aix,565bPB b350cINR